| 000 | 00665nam a2200181 i 4500 | ||
|---|---|---|---|
| 001 | 23088 | ||
| 003 | ES-MaACL | ||
| 005 | 20230906152821.0 | ||
| 007 | t| | ||
| 008 | 021209s1970 sp |||| | spa d | ||
| 100 | 1 |
_aAlmond, Gabriel A. _920161 |
|
| 245 | 1 | 0 |
_aFundación Foessa... _b: la cultura cívica, estudio sobre la participación política democrática en cinco naciones / _cpor Gabriel A. Almond y Sidney Verba ; presentación y traducción, José Jiménez Blanco. |
| 260 |
_aMadrid : _bEuroamérica, _c1970. |
||
| 300 |
_a631 p. ; _c22 cm. |
||
| 700 | 1 |
_aVerba, Sidney. _9113980 |
|
| 700 | 1 |
_aJiménez Blanco, José. _966468 |
|
| 852 |
_aES-MaACL _jC-38588 |
||
| 999 |
_c23088 _d23088 |
||